00473 a2200157 450000100060000002000150000604000220002110000350004324000370007824500320011530000070014765000230015494200070017795201140018499900170029861579 a8590230317 cAnchieta - Pituba aSilva Filho, José Alconso da10aFelizberto, o menino macacolpor10aFelizberto, o menino macaco a93 4aLiteratura juvenil cBK 00104070a91.1b91.1d2023-11-21l0oLJ 028.5 S586f SIL FELp13679/PITr2023-11-21 18:29:45w2023-11-21yBK c61579d61579